Miracles of aradaas : (Record no. 125011)

MARC details
000 -LEADER
fixed length control field 00718nam a22002297a 4500
005 - DATE AND TIME OF LATEST TRANSACTION
control field 20170124105947.0
010 ## - LIBRARY OF CONGRESS CONTROL NUMBER
LC control number B-120164
020 ## - INTERNATIONAL STANDARD BOOK NUMBER
Terms of availability 150.00
International Standard Book Number 9788173871528
035 ## - SYSTEM CONTROL NUMBER
System control number B-120164
037 ## - SOURCE OF ACQUISITION
Source of stock number/acquisition Cen Lib/Ret
040 ## - CATALOGING SOURCE
Original cataloging agency DPL
Language of cataloging EN
082 ## - DEWEY DECIMAL CLASSIFICATION NUMBER
Classification number 260.42
Item number KOH
100 ## - MAIN ENTRY--PERSONAL NAME
Personal name Kohli, M. S.
9 (RLIN) 12673
245 ## - TITLE STATEMENT
Title Miracles of aradaas :
Statement of responsibility, etc by M.S. Kohli
Remainder of title incredible adventures and survivals /
260 ## - PUBLICATION, DISTRIBUTION, ETC. (IMPRINT)
Place of publication, distribution, etc New Delhi
Name of publisher, distributor, etc Indus Publishing Company
Date of publication, distribution, etc 2003
270 ## - ADDRESS
City New Delhi
Address FS-5, Tagore Garden
Postal code 110027
300 ## - PHYSICAL DESCRIPTION
Extent 184p.
Dimensions 21cm(pbk)
500 ## - GENERAL NOTE
General note Includes appendix, glossary and index
650 ## - SUBJECT ADDED ENTRY--TOPICAL TERM
Topical term or geographic name as entry element Sikhism
9 (RLIN) 3669
650 ## - SUBJECT ADDED ENTRY--TOPICAL TERM
Topical term or geographic name as entry element Miracles of aradas
9 (RLIN) 12674
942 ## - ADDED ENTRY ELEMENTS (KOHA)
Source of classification or shelving scheme Dewey Decimal Classification
Koha item type English Books
Classification part 260.42
Call number suffix KOH
Holdings
Withdrawn status Lost status Damaged status Not for loan Home library Current library Date acquired Source of acquisition Cost, normal purchase price Total Checkouts Total Renewals Full call number Barcode Date last seen Date checked out Copy number Cost, replacement price Price effective from Koha item type
        Central Library Central Library 19/06/2015 Cen Lib/Ret 150.00 13 14 260.42 KOH B-120164 07/07/2021 24/03/2021 1 150.00 19/06/2015 English Books

© Delhi Public Library
Hit Counter
free hit counter